| 000 | 00495nam a2200169Ia 4500 | ||
|---|---|---|---|
| 999 |
_c35050 _d35050 |
||
| 003 | OSt | ||
| 005 | 20200626125225.0 | ||
| 008 | 190216s9999||||xx |||||||||||||| ||und|| | ||
| 020 | _a9789385269523 | ||
| 040 | _coclc | ||
| 082 |
_a954.83 _bBAH/K |
||
| 100 |
_aBahavudeen, K M _93272 |
||
| 245 | 0 |
_aKerala Samoohaghadana Mattangal / _cK M Bahavudeen |
|
| 260 |
_bOlive Publications, _c2015. _aKozhikode: |
||
| 300 | _a170p | ||
| 942 |
_cBK _2ddc _h954.83 _iBAH/K _k954.83 _mBAH/K |
||